00532nam a2200181 a 45000010010000000030011000100080041000210350026000620820016000881000023001042450042001272600036001696500008002059420012002139520090002259980020003159990015003350000-9312ELIB.Books110520 1981  a(ELIB.Books)0000-9464 a231.8 bKus aKushner, Harold S. aWhen bad things Happen to Good People bNew York: Schocken Books c1981 aGod 2ddccBK 00102ddc4070aKBTSbKBTSd2011-05-20l0p8057r2022-01-22 00:00:00w2022-01-22yBK cbate2011-05-20 c9312d9312